Nascar Cup series winners at Darlington Raceway - Statistics

General Stats
  • This quiz has been taken 69 times
    36 since last reset
  • The average score is 101 of 129
Answer Stats
Hint Answer % Correct
1966 | 1967 Richard Petty
100%
1985 | 1988 | 1992 | 1994 Bill Elliott
95%
1982 | 1986 | 1987 | +4 others Dale Earnhardt
95%
1995 | 1996 | 1997 | +3 others Jeff Gordon
95%
2004 | 2012 Jimmie Johnson
95%
1965 Junior Johnson
95%
2014 | 2020 Kevin Harvick
95%
2023 Kyle Larson
95%
2016 | 2021 Martin Truex Jr.
95%
2000 Bobby Labonte
89%
1977 | 1979 | 1981 | +2 others Darrell Waltrip
89%
1968 | 1970 | 1972 | +6 others David Pearson
89%
2010 | 2017 | 2020 | +2 others Denny Hamlin
89%
2019 | 2022 Erik Jones
89%
2022 Joey Logano
89%
2008 Kyle Busch
89%
1993 | 2009 Mark Martin
89%
2018 | 2024 Brad Keselowski
84%
1968 | 1973 | 1974 | +2 others Cale Yarborough
84%
1997 | 1998 | 2001 Dale Jarrett
84%
1951 | 1954 | 1955 Herb Thomas
84%
1999 Jeff Burton
84%
2013 Matt Kenseth
84%
1965 Ned Jarrett
84%
1980 | 2003 Terry Labonte
84%
2023 William Byron
84%
1971 | 1972 | 1975 | 1983 Bobby Allison
79%
2015 Carl Edwards
79%
2005 | 2006 Greg Biffle
79%
1953 | 1960 | 1964 Buck Baker
74%
1970 | 1971 Buddy Baker
74%
2024 | 2025 Chase Briscoe
74%
1958 | 1963 Fireball Roberts
74%
1952 Fonty Flock
74%
1960 | 1963 Joe Weatherly
74%
1995 | 2002 Sterling Marlin
74%
2000 | 2001 Ward Burton
74%
1983 | 1984 | 1989 | 1991 Harry Gant
68%
2011 Regan Smith
68%
1991 Ricky Rudd
68%
1978 Benny Parsons
63%
1961 | 1964 Fred Lorenzen
53%
1981 Neil Bonnett
53%
2003 Ricky Craven
53%
1950 Johny Mantz
47%
1969 LeeRoy Yarbrough
47%
1986 Tim Richmond
47%
1957 Speedy Thompson
32%
1988 Lake Speed
26%
1956 Curtis Turner
16%
1966 Darel Dieringer
11%
1959 Jim Reed
11%
1962 Larry Frank
11%
1952 Dick Rathmann
5%
1961 | 1962 Nelson Stacy
5%
No matching quizzes found
Score Distribution
Percent of People with Each Score
Percentile by Number Answered
Your Score History
You have not taken this quiz since the last reset